Organizácia vedeckých, technických a ekonomických informácií 2 medzinárodné väzby československej sústavy VTEI : učebný text pre dvojročné nadstavbové štúdium 72-50-6

Gespeichert in:
Bibliographische Detailangaben
1. Verfasser: Vítková, Hana
Format: Buch
Sprache:Slowakisch
Veröffentlicht: Bratislava Slovenská technická knižnica 1979
Schriftenreihe:Vedecké a technické informácie
Tags: Tag hinzufügen
Keine Tags, Fügen Sie das erste Tag hinzu!

MARC

LEADER 00000nam a2200000 4500
001 0223348
005 20240822101704.4
041 0 |a slo 
044 |a SK 
245 1 0 |a Organizácia vedeckých, technických a ekonomických informácií 2  |b medzinárodné väzby československej sústavy VTEI : učebný text pre dvojročné nadstavbové štúdium 72-50-6  |c Hana Vítková 
264 1 |a Bratislava  |b Slovenská technická knižnica  |c 1979 
300 |a 95 s. 
490 1 |a Vedecké a technické informácie 
830 0 |a Vedecké a technické informácie 
100 1 |a Vítková, Hana